Statistics for Guess the U.S. State From The Bridge

Click here to take the quiz!

General Stats

  • This quiz has been taken 27 times
  • The average score is 7 of 12

Answer Stats

Answer% Correct
New York
100%
California
96%
Colorado
84%
Florida
84%
Louisiana
68%
Michigan
68%
New York
52%
West Virginia
48%
California
44%
New Jersey and New York
44%
Florida
36%
South Carolina
20%

Score Distribution

Percentile by Number Answered

Percent of People with Each Score

Your Score History

You have not taken this quiz